000 00300nam a22001337a 4500
008 170209b xxu||||| |||| 00| 0 eng d
020 _a0306310465
041 _aeng
080 _a61
100 _a4
101 _aSHM
245 _aTHE METABOLIC MENAGEMENT OF CRITICALLY
_cWILMORE.W
942 _2udc
_cBK
999 _c5027
_d5027